| 000 | 00588nam a22001815i 4500 | ||
|---|---|---|---|
| 001 | 48289 | ||
| 003 | ES-MaACL | ||
| 005 | 20230906161727.0 | ||
| 007 | t| | ||
| 008 | 950711s1828 xxk ||||1| eng d | ||
| 040 |
_aCAM _bspa _cCAM |
||
| 100 | 1 |
_aChristie, Alex Turnbull. _938658 |
|
| 245 | 1 | 0 |
_aObservations on the nature and treatment of cholera and on the pathology of mucous membranes / _cby Alex Turnbull Christie. |
| 260 |
_aEdinburgh : _bMaclachlan and Stewart, _c1828. |
||
| 300 |
_a137 p. ; _c23 cm. |
||
| 650 | 4 |
_aCólera- _xTratamiento. _9157013 |
|
| 852 |
_aES-MaACL _jG-10015 |
||
| 999 |
_c48289 _d48289 |
||